| 000 | 01547nam a22002537a 4500 | ||
|---|---|---|---|
| 999 |
_c59855 _d59855 |
||
| 003 | Ge_BSU | ||
| 005 | 20230501100216.0 | ||
| 008 | 230501s1998 ge ||||| |||| 00| 0 geo d | ||
| 020 | _a9992851600 | ||
| 041 | _ageo | ||
| 080 | _a796.42.071.2(479.22) პ-44 | ||
| 100 |
_aპლენინგერ-თავდიდიშვილი, ალექსანდრე _917864 |
||
| 245 |
_aქართველი ათლეტები და მწვრთნელები : _bანტიკური ეპოქა; XXI საუკუნის სპორტი კომპიუტერული მუსიკის თანხლებით? / _cალექსანდრე პლენინგერ-თავდიდიშვილი; [რედ.: გ. პლენინგერ-თავდიდიშვილი]. |
||
| 264 |
_aთბილისი : _bმეცნიერება, _c1998. |
||
| 300 |
_a64გვ. ; _b20სმ. |
||
| 500 | _aთავფ. ქართ., რუს. და ინგლ. ენ. | ||
| 653 | _aქართველი ათლეტები | ||
| 653 | _aქართველი მწვრთნელები | ||
| 653 | _aსპორტი ანტიკურ ეპოქაში | ||
| 653 | _aსპორტის ისტორია | ||
| 653 | _aკომპიუტერული მუსიკა | ||
| 700 |
_a პლენინგერ-თავდიდიშვილი, გ. _eრედაქტორი _917865 |
||
| 942 |
_2udc _cBK |
||